000 01172nam a2200277zi 4500
999 _c1742
_d1742
001 023205053
003 UkOxU
005 20230125104929.0
007 ta
008 191113e202004uuxxk d |||||||0|0 eng|d
020 _a9781108797771
_c(pbk.)
020 _a1108797776
_c(pbk.)
035 _a(UK-WkNB)9781108797771
035 _a(StEdALDL)1/3955777
040 _aUK-WkNB
_beng
_erda
_cUK-WkNB
_dUkOxU
_dKH8
082 0 4 _a570 JON
_223
100 1 _aJones, Mary,
_eauthor.
245 1 0 _aBiology for Cambridge international AS & A level.
_pPractical workbook /
_cMary Jones, Matthew Parkin.
250 _a2nd ed.
264 1 _aCambridge :
_bCambridge University Press,
_c2020.
300 _a304 p. :
_bb&w ill. ;
_c28 cm.
505 _aIntroduction; Safety; Skills chapter; 1. Microscopy; 2. Biological molecules; 3. Enzymes; 4. Cell membranes and transport; 5. Cell division and nucleic acids; 6. Plant transport; 7. Mammalian transport and gas exchange; 8. Energy and respiration; 9. Photosynthesis; 10. Homeostasis and coordination; 11. Inheritance, selection and evolution; 12. Ecology.
650 _aWorkbook
700 1 _aParkin, Matthew
_eauthor.
942 _2ddc
_cTR